|
|
|
|
| LEADER |
00672cam a2200205 7i4500 |
| 001 |
0000033009 |
| 005 |
20220722090000.0 |
| 008 |
100401 eng |
| 020 |
|
|
|a 9788178901916
|
| 020 |
|
|
|a 8178901919 (hbk.)
|
| 090 |
0 |
0 |
|a QL362
|b .M57 2008
|
| 100 |
1 |
|
|a Misten
|
| 245 |
1 |
0 |
|a Invertebrates
|c Misten.
|
| 260 |
|
|
|a New Delhi:
|b Ivy Pub. House,
|c 2008.
|
| 300 |
|
|
|a 95 p.:
|b ill.;
|c 23 cm.
|
| 650 |
0 |
0 |
|a Invertebrates
|
| 997 |
|
|
|a Engineering & Life Sciences, Faculty
|b Science & Biotechnology, Department
|
| 998 |
|
|
|a Biotechnology, Degree
|
| 998 |
|
|
|a Biotechnology & Life Sciences, Diploma
|
| 999 |
|
|
|a 0000042199
|b BOK
|c OPEN SHELF
|e 2nd Floor, Bestari Jaya
|